[Event "Pro-Am 2010"]
[Site "Villa Martelli ARG"]
[Date "2010.10.14"]
[Round "3.32"]
[White "Lanza, Luciano"]
[Black "Moura, Pedro Camargo"]
[Result "1-0"]
[WhiteElo "2178"]
[BlackElo "2012"]
[PlyCount "113"]
[EventDate "2010.10.10"]
[EventType "swiss"]
[EventRounds "9"]
[EventCountry "ARG"]
[Source "lmi"]
[SourceDate "2010.10.10"]

1. e4 e5 2. Nf3 Nc6 3. Bb5 a6 4. Ba4 Nf6 5. O-O b5 6. Bb3 Bc5 7. a4 Rb8 8. axb5
axb5 9. c3 d6 10. d4 Bb6 11. h3 O-O 12. Re1 h6 13. Na3 Re8 14. Nxb5 Bb7 15. d5
Ne7 16. Be3 Bxe3 17. Rxe3 Bxd5 18. exd5 Rxb5 19. c4 Rb8 20. Qc2 Ng6 21. Qc3 Qc8
22. Bc2 Nf4 23. Kh2 N6h5 24. Ng1 f5 25. g3 Ng6 26. g4 Nhf4 27. Bxf5 Qb7 28. b3
Ne7 29. Be4 Rf8 30. Nf3 Rf6 31. g5 hxg5 32. Nxg5 Rbf8 33. Nh7 Nf5 34. Nxf6+
Rxf6 35. Bxf5 Rxf5 36. Qa5 Kh7 37. Rg1 Rh5 38. Qd2 Qc8 39. Rgg3 Qf5 40. Qd1 g6
41. Qg4 Qc2 42. Ref3 Rf5 43. Qh4+ Kg7 44. Qe7+ Rf7 45. Qg5 Rf6 46. Rg4 Qe2 47.
Rgxf4 exf4 48. Rxf4 Qe5 49. Qxe5 dxe5 50. Rxf6 Kxf6 51. Kg3 Kf5 52. Kf3 e4+ 53.
Ke3 Ke5 54. b4 g5 55. f3 exf3 56. Kxf3 Kd4 57. b5 1-0

[Event "Pro-Am 2010"]
[Site "Villa Martelli ARG"]
[Date "2010.10.14"]
[Round "3.33"]
[White "Lopez Rebert, Pablo"]
[Black "Albarran, Gustavo"]
[Result "1-0"]
[WhiteElo "2005"]
[BlackElo "2165"]
[PlyCount "53"]
[EventDate "2010.10.10"]
[EventType "swiss"]
[EventRounds "9"]
[EventCountry "ARG"]
[Source "lmi"]
[SourceDate "2010.10.10"]

1. d4 Nf6 2. c4 g6 3. Nc3 Bg7 4. e4 d6 5. f3 O-O 6. Bd3 e5 7. Nge2 Nbd7 8. Be3
c5 9. dxe5 Nxe5 10. Qd2 Be6 11. b3 Nh5 12. O-O f5 13. exf5 gxf5 14. Nf4 Nxf4
15. Bxf4 Qh4 16. Be3 f4 17. Bf2 Qh5 18. Rac1 Rf6 19. Be4 Rh6 20. Qxf4 Rf8 21.
Qg3 Ng6 22. Be3 Nf4 23. Kf2 Qe5 24. Rfe1 Kh8 25. Nd5 Nxd5 26. Qxe5 Bxe5 27.
cxd5 1-0

[Event "Pro-Am 2010"]
[Site "Villa Martelli ARG"]
[Date "2010.10.14"]
[Round "3.34"]
[White "Driz, Ivan"]
[Black "Pichot, Alan"]
[Result "0-1"]
[WhiteElo "1999"]
[BlackElo "2160"]
[PlyCount "52"]
[EventDate "2010.10.10"]
[EventType "swiss"]
[EventRounds "9"]
[EventCountry "ARG"]
[Source "lmi"]
[SourceDate "2010.10.10"]

1. e4 c5 2. Nf3 Nc6 3. d4 cxd4 4. Nxd4 Nf6 5. Nxc6 bxc6 6. Bd3 d6 7. O-O g6 8.
c3 Bg7 9. Qe2 O-O 10. h3 Bb7 11. f4 c5 12. c4 e6 13. Nc3 d5 14. e5 Nd7 15. g4
Qh4 16. Kh2 f6 17. cxd5 fxe5 18. dxe6 exf4 19. Bxf4 Rxf4 20. exd7 Be5 21. Rxf4
Bxf4+ 22. Kg1 Qg3+ 23. Kf1 Be3 24. Bc4+ Kg7 25. Qc2 Rf8+ 26. Ke2 Rf2+ 0-1

[Event "Pro-Am 2010"]
[Site "Villa Martelli ARG"]
[Date "2010.10.14"]
[Round "3.35"]
[White "Fiori, Alberto Nicolas"]
[Black "Chanduvi, Fidel"]
[Result "1-0"]
[WhiteElo "2158"]
[BlackElo "1970"]
[PlyCount "75"]
[EventDate "2010.10.10"]
[EventType "swiss"]
[EventRounds "9"]
[EventCountry "ARG"]
[Source "lmi"]
[SourceDate "2010.10.10"]

1. d4 e6 2. Nf3 Nf6 3. Bg5 c5 4. e3 Nc6 5. c3 d5 6. Nbd2 cxd4 7. exd4 h6 8. Bh4
Be7 9. Bd3 Bd7 10. Qe2 a6 11. Ne5 Nxe5 12. dxe5 Ng8 13. Bg3 h5 14. f4 g6 15.
Bf2 b5 16. Bd4 Nh6 17. Nf1 Nf5 18. Bxf5 gxf5 19. Ng3 h4 20. Nxf5 exf5 21. e6
Rg8 22. exd7+ Qxd7 23. O-O-O O-O-O 24. Qf3 Qc6 25. Rhe1 Bd6 26. g3 hxg3 27.
hxg3 Qc4 28. Kb1 Rge8 29. Be5 Re6 30. Qh5 Bxe5 31. fxe5 Qg4 32. Qxf7 Rxe5 33.
Qa7 Rd6 34. Rh1 Qe4+ 35. Ka1 Qe2 36. Rc1 Qe3 37. Rh8+ Rd8 38. Qa8+ 1-0

[Event "Pro-Am 2010"]
[Site "Villa Martelli ARG"]
[Date "2010.10.14"]
[Round "3.36"]
[White "Restuccia, Francisco"]
[Black "Farah, Daniel Landshoff"]
[Result "1-0"]
[WhiteElo "2153"]
[BlackElo "1955"]
[PlyCount "45"]
[EventDate "2010.10.10"]
[EventType "swiss"]
[EventRounds "9"]
[EventCountry "ARG"]
[Source "lmi"]
[SourceDate "2010.10.10"]

1. e4 c5 2. d4 cxd4 3. c3 d5 4. exd5 Qxd5 5. cxd4 e5 6. Nf3 Bb4+ 7. Nc3 Bg4 8.
Qa4+ Nc6 9. Qxb4 Nxb4 10. Nxd5 Nxd5 11. Nxe5 Bf5 12. Bb5+ Ke7 13. O-O f6 14.
Nf3 Kd6 15. b3 a5 16. Nd2 Nc7 17. Ba3+ Ke6 18. Rfe1+ Kf7 19. Bc4+ Kg6 20. Nf3
b5 21. Nh4+ Kh5 22. Nxf5 bxc4 23. bxc4 1-0

[Event "Pro-Am 2010"]
[Site "Villa Martelli ARG"]
[Date "2010.10.14"]
[Round "3.37"]
[White "Lopez Azambuja, Nicolas"]
[Black "Gomez, Juan Carlos"]
[Result "1-0"]
[WhiteElo "2142"]
[BlackElo "1756"]
[PlyCount "45"]
[EventDate "2010.10.10"]
[EventType "swiss"]
[EventRounds "9"]
[EventCountry "ARG"]
[Source "lmi"]
[SourceDate "2010.10.10"]

1. d4 Nf6 2. c4 g6 3. Nc3 Bg7 4. e4 d6 5. f3 Nbd7 6. Be3 c5 7. Nge2 cxd4 8.
Nxd4 Ne5 9. Be2 Bd7 10. Qd2 h6 11. O-O g5 12. Rac1 Qa5 13. Rfd1 Rc8 14. b3 O-O
15. h4 Nc6 16. Nxc6 Rxc6 17. hxg5 hxg5 18. Bxg5 Rc5 19. Nd5 Nxd5 20. exd5 Qb6
21. Be3 Bh6 22. Bxh6 Rxd5+ 23. Qe3 1-0

[Event "Pro-Am 2010"]
[Site "Villa Martelli ARG"]
[Date "2010.10.14"]
[Round "3.38"]
[White "Quinzio, Martin"]
[Black "Garcia Campitelli, Gonzalo"]
[Result "1-0"]
[WhiteElo "1997"]
[BlackElo "2125"]
[PlyCount "117"]
[EventDate "2010.10.10"]
[EventType "swiss"]
[EventRounds "9"]
[EventCountry "ARG"]
[Source "lmi"]
[SourceDate "2010.10.10"]

1. d4 Nf6 2. Nf3 g6 3. Bf4 Bg7 4. e3 O-O 5. h3 b6 6. Nbd2 Bb7 7. c3 d6 8. Be2
Nbd7 9. a4 a6 10. O-O Ra7 11. Qc2 Qa8 12. c4 a5 13. Rfc1 Re8 14. Nb3 Ne4 15.
Ne1 e5 16. Bh2 c5 17. d5 Nef6 18. Nd2 Qd8 19. e4 Rf8 20. f4 exf4 21. Bxf4 Ne5
22. Bxe5 dxe5 23. Nb1 Ne8 24. Nc3 Ba6 25. Nf3 Nd6 26. b3 f5 27. Rf1 Raf7 28.
Nh2 Qg5 29. Qc1 Qg3 30. Rf3 Qh4 31. Qe1 Qxe1+ 32. Rxe1 Bh6 33. Nf1 f4 34. Rd3
Bg7 35. Bg4 Bc8 36. Be6 Ba6 37. Nd2 Kh8 38. Bxf7 Rxf7 39. g3 g5 40. h4 g4 41.
gxf4 Rxf4 42. Kg2 h5 43. Rf1 Bf6 44. Kg3 Rxf1 45. Nxf1 Kg7 46. Nd2 Kf7 47. Re3
Bg7 48. Re1 Bh6 49. Ndb1 Bf4+ 50. Kg2 Ke7 51. Ne2 Bh6 52. Ng3 Kf7 53. Nxh5 Kg6
54. Ng3 Bf4 55. Re2 Bc8 56. Nc3 Bxg3 57. Kxg3 Bd7 58. Rf2 Kg7 59. h5 1-0

[Event "Pro-Am 2010"]
[Site "Villa Martelli ARG"]
[Date "2010.10.14"]
[Round "3.39"]
[White "Castillo, Santiago"]
[Black "Morales, Marcos"]
[Result "1-0"]
[WhiteElo "2120"]
[BlackElo "1748"]
[PlyCount "47"]
[EventDate "2010.10.10"]
[EventType "swiss"]
[EventRounds "9"]
[EventCountry "ARG"]
[Source "lmi"]
[SourceDate "2010.10.10"]

1. e4 c5 2. Nc3 Nc6 3. f4 g6 4. Nf3 Bg7 5. Bc4 e6 6. f5 Nge7 7. fxe6 dxe6 8.
O-O O-O 9. d3 a6 10. a4 Nd4 11. Bf4 b6 12. Qd2 Bb7 13. Bh6 Nec6 14. Bxg7 Kxg7
15. Rae1 Qc7 16. Nxd4 cxd4 17. Ne2 Rad8 18. Rf3 h6 19. Ref1 Ne5 20. Rh3 Rh8 21.
Qf4 Rd7 22. Qf6+ Kg8 23. Bxe6 fxe6 24. Qf8+ 1-0

[Event "Pro-Am 2010"]
[Site "Villa Martelli ARG"]
[Date "2010.10.14"]
[Round "3.40"]
[White "Pradines, Emmanuel"]
[Black "Cervetto, Esteban"]
[Result "1/2-1/2"]
[WhiteElo "1990"]
[BlackElo "2105"]
[PlyCount "77"]
[EventDate "2010.10.10"]
[EventType "swiss"]
[EventRounds "9"]
[EventCountry "ARG"]
[Source "lmi"]
[SourceDate "2010.10.10"]

1. e4 e5 2. Nc3 Nf6 3. g3 d5 4. exd5 Nxd5 5. Bg2 Nxc3 6. bxc3 Bd6 7. d4 c5 8.
Ne2 O-O 9. O-O Nd7 10. Be3 Qc7 11. Qd3 cxd4 12. cxd4 Nb6 13. Rab1 Be6 14. d5
Bd7 15. f4 Nc4 16. fxe5 Nxe5 17. Qb3 Ng4 18. Bd4 b6 19. h3 Rae8 20. Nf4 Bc5 21.
Qc3 Ne3 22. Rf2 Nxg2 23. Kxg2 Rc8 24. Bxc5 Qxc5 25. Qxc5 Rxc5 26. Re1 g5 27.
Nh5 f5 28. Re7 Rxd5 29. Rg7+ Kh8 30. Rxg5 Rd1 31. Re2 h6 32. Rg7 Bc6+ 33. Kf2
Rd7 34. Ree7 Rxe7 35. Rxe7 Ba4 36. Rxa7 Bxc2 37. Rb7 Ra8 38. Rxb6 Rxa2 39.
Rxh6+ 1/2-1/2

[Event "Pro-Am 2010"]
[Site "Villa Martelli ARG"]
[Date "2010.10.14"]
[Round "3.42"]
[White "Picollo, Pablo"]
[Black "Calens, Diego"]
[Result "0-1"]
[WhiteElo "1987"]
[BlackElo "2095"]
[PlyCount "94"]
[EventDate "2010.10.10"]
[EventType "swiss"]
[EventRounds "9"]
[EventCountry "ARG"]
[Source "lmi"]
[SourceDate "2010.10.10"]

1. d4 Nf6 2. c4 e5 3. dxe5 Ne4 4. Nf3 Nc6 5. Nbd2 Nc5 6. g3 d6 7. exd6 Qxd6 8.
Bg2 Bf5 9. Nh4 Be6 10. O-O O-O-O 11. b3 g5 12. Nhf3 Bg7 13. Rb1 Bf5 14. Bb2
Bxb1 15. Bxg7 Rhg8 16. Qxb1 Rxg7 17. b4 Ne6 18. c5 Qe7 19. Nc4 Ncd4 20. Qe4 f5
21. Qe5 Nxf3+ 22. Bxf3 Nd4 23. Bxb7+ Kb8 24. Qxe7 Rxe7 25. c6 Rxe2 26. a4 Nf3+
27. Kh1 g4 28. Ba6 Rxf2 29. Rxf2 Rd1+ 30. Rf1 Rxf1+ 31. Kg2 Ra1 32. Ne3 Ra2+
33. Kf1 Rxa4 34. b5 Ra1+ 35. Kg2 Ra2+ 36. Kf1 Nxh2+ 37. Ke1 Nf3+ 38. Kf1 Nd4
39. Nd5 Rxa6 40. bxa6 Nxc6 41. Kf2 Kc8 42. Ke3 Kd7 43. Kf4 Kd6 44. Ne3 Nd4 45.
Kg5 Ke5 46. Nd1 c5 47. Kh6 Ne2 0-1

[Event "Pro-Am 2010"]
[Site "Villa Martelli ARG"]
[Date "2010.10.14"]
[Round "3.43"]
[White "Cabrera Pando, Ramiro"]
[Black "Leal, Jorge Augusto"]
[Result "1-0"]
[WhiteElo "2092"]
[BlackElo "1625"]
[PlyCount "89"]
[EventDate "2010.10.10"]
[EventType "swiss"]
[EventRounds "9"]
[EventCountry "ARG"]
[Source "lmi"]
[SourceDate "2010.10.10"]

1. d4 Nf6 2. c4 g6 3. Nc3 Bg7 4. e4 d6 5. Nf3 O-O 6. Be2 e5 7. Be3 Nc6 8. d5
Ne7 9. Nd2 Nd7 10. b4 f5 11. f3 c5 12. Nb5 Qb6 13. Nb3 a6 14. bxc5 dxc5 15. d6
axb5 16. dxe7 Re8 17. Qd5+ Kh8 18. Qf7 Nf6 19. Bxc5 Qc7 20. cxb5 fxe4 21. O-O
exf3 22. Rxf3 Bf5 23. a4 Ne4 24. b6 Qc8 25. Bb5 Nxc5 26. Bxe8 Qxe8 27. Qxe8+
Rxe8 28. Nxc5 Rxe7 29. Rd1 h6 30. Rd8+ Kh7 31. a5 e4 32. Re3 Bf6 33. Rd5 Bg5
34. Re1 e3 35. a6 bxa6 36. b7 Bf4 37. g3 Bb8 38. Rd8 Ba7 39. b8=Q Bxb8 40. Rxb8
e2 41. Rb7 Rxb7 42. Nxb7 Bd3 43. Nc5 Bc4 44. Kf2 Kg7 45. Ra1 1-0

[Event "Pro-Am 2010"]
[Site "Villa Martelli ARG"]
[Date "2010.10.14"]
[Round "3.45"]
[White "Mirada, Luciano"]
[Black "Naspleda, Federico"]
[Result "1/2-1/2"]
[WhiteElo "1855"]
[BlackElo "2102"]
[PlyCount "66"]
[EventDate "2010.10.10"]
[EventType "swiss"]
[EventRounds "9"]
[EventCountry "ARG"]
[Source "lmi"]
[SourceDate "2010.10.10"]

1. e4 c5 2. Nf3 Nc6 3. d4 cxd4 4. Nxd4 Nf6 5. Nc3 e5 6. Ndb5 d6 7. Bg5 a6 8.
Na3 b5 9. Nd5 Be7 10. Bxf6 Bxf6 11. c3 O-O 12. Nc2 Rb8 13. Bd3 Be6 14. O-O Bg5
15. Nce3 Ne7 16. Re1 g6 17. Bc2 f5 18. Nxe7+ Qxe7 19. exf5 gxf5 20. Bb3 Kh8 21.
Bxe6 Qxe6 22. Qd5 Qg6 23. Rad1 Rf6 24. Qc6 Rg8 25. Nd5 Re6 26. Nc7 Rf6 27. Nd5
Rf7 28. Nb4 Be7 29. Rd3 f4 30. Qe4 Qh5 31. Kh1 Rg4 32. Rh3 Qg5 33. Qa8+ Kg7
1/2-1/2

[Event "Pro-Am 2010"]
[Site "Villa Martelli ARG"]
[Date "2010.10.14"]
[Round "3.47"]
[White "Lo Presti, Roberto"]
[Black "Perucca, Jorge"]
[Result "1-0"]
[WhiteElo "2048"]
[BlackElo "1828"]
[PlyCount "75"]
[EventDate "2010.10.10"]
[EventType "swiss"]
[EventRounds "9"]
[EventCountry "ARG"]
[Source "lmi"]
[SourceDate "2010.10.10"]

1. e4 c5 2. Nf3 d6 3. d4 cxd4 4. Nxd4 Nf6 5. Nc3 g6 6. Be3 Bg7 7. f3 O-O 8. Qd2
Nc6 9. O-O-O Nxd4 10. Bxd4 Be6 11. h4 Qa5 12. Kb1 Rfc8 13. a3 Rab8 14. g4 b5
15. Nd5 Qxd2 16. Rxd2 Bxd5 17. exd5 a6 18. b3 Nd7 19. f4 Bxd4 20. Rxd4 Rc5 21.
g5 Nb6 22. Bg2 Rbc8 23. Be4 R8c7 24. h5 Nd7 25. hxg6 fxg6 26. Rd2 Nf8 27. f5
gxf5 28. Bxf5 e5 29. Rh6 Rg7 30. Rxd6 Rxg5 31. Be6+ Kg7 32. Rf2 Rc7 33. Rd8 Ng6
34. d6 Rg1+ 35. Kb2 Rc6 36. Rg8+ Kh6 37. d7 Rd1 38. Bg4 1-0

[Event "Pro-Am 2010"]
[Site "Villa Martelli ARG"]
[Date "2010.10.14"]
[Round "3.52"]
[White "Gandolfo, Alberto Mario"]
[Black "Medone, Raul"]
[Result "1-0"]
[WhiteElo "2046"]
[BlackElo "1667"]
[PlyCount "95"]
[EventDate "2010.10.10"]
[EventType "swiss"]
[EventRounds "9"]
[EventCountry "ARG"]
[Source "lmi"]
[SourceDate "2010.10.10"]

1. e4 c5 2. Nf3 d6 3. d3 Nc6 4. g3 g6 5. Bg2 Bg7 6. O-O Nf6 7. Re1 O-O 8. c3
Bd7 9. d4 cxd4 10. cxd4 Qc7 11. Nc3 a6 12. h3 Rac8 13. Be3 Rfd8 14. Rc1 Qb8 15.
d5 Na7 16. Bb6 Re8 17. a4 Nh5 18. Bf1 e6 19. g4 Nf6 20. Qd2 exd5 21. exd5 Rxe1
22. Rxe1 Re8 23. Rxe8+ Nxe8 24. Bd4 Nc8 25. Qf4 Ne7 26. Ng5 f5 27. Ne6 Nxd5 28.
Nxd5 Bxe6 29. Ne3 fxg4 30. hxg4 Qc7 31. Qe4 Qf7 32. Bg2 Bxd4 33. Qxd4 b5 34.
axb5 axb5 35. Bc6 Bd7 36. Bd5 Be6 37. Bc6 Bd7 38. Qb6 Bxc6 39. Qxc6 Kf8 40.
Qxb5 Qc7 41. b4 Nf6 42. Qa6 Ke7 43. Kg2 d5 44. Qxf6+ Kxf6 45. Nxd5+ Ke5 46.
Nxc7 Kd6 47. Nb5+ Kc6 48. Nc3 1-0

[Event "Pro-Am 2010"]
[Site "Villa Martelli ARG"]
[Date "2010.10.14"]
[Round "3.53"]
[White "Chavarria, Bily"]
[Black "Pravettoni, Ezequiel"]
[Result "1-0"]
[WhiteElo "1940"]
[BlackElo "1499"]
[PlyCount "87"]
[EventDate "2010.10.10"]
[EventType "swiss"]
[EventRounds "9"]
[EventCountry "ARG"]
[Source "lmi"]
[SourceDate "2010.10.10"]

1. d4 Nf6 2. c4 g6 3. Nc3 Bg7 4. e4 d6 5. Nf3 O-O 6. Be2 e5 7. Bg5 exd4 8. Nxd4
Nc6 9. Nxc6 bxc6 10. Qd2 Qe8 11. Bf3 Ba6 12. O-O Nd7 13. b3 Qe5 14. Rac1 Nc5
15. Bf4 Qe8 16. b4 Ne6 17. b5 Nxf4 18. Qxf4 Be5 19. Qd2 cxb5 20. cxb5 Bxb5 21.
Nxb5 Qxb5 22. Rxc7 d5 23. Rc2 dxe4 24. Bxe4 Rad8 25. Qe3 Qb8 26. g3 Bd4 27. Qf3
Bb6 28. h4 Rd6 29. Rfc1 Qd8 30. Rc6 Rxc6 31. Rxc6 Qe7 32. h5 Re8 33. hxg6 hxg6
34. Bxg6 Qe1+ 35. Kg2 Qxf2+ 36. Qxf2 Bxf2 37. Kxf2 fxg6 38. Rxg6+ Kf7 39. Rc6
a5 40. Ra6 Re5 41. Kf3 Rf5+ 42. Kg4 Rc5 43. Kh4 Re5 44. g4 1-0

[Event "Pro-Am 2010"]
[Site "Villa Martelli ARG"]
[Date "2010.10.14"]
[Round "3.54"]
[White "Cavadini, Rodolfo"]
[Black "Chiari, Arthur Gontijo"]
[Result "0-1"]
[WhiteElo "1647"]
[BlackElo "1929"]
[PlyCount "114"]
[EventDate "2010.10.10"]
[EventType "swiss"]
[EventRounds "9"]
[EventCountry "ARG"]
[Source "lmi"]
[SourceDate "2010.10.10"]

1. c4 Nf6 2. Nc3 d5 3. d4 g6 4. Nf3 Bg7 5. e3 O-O 6. Bd3 dxc4 7. Bxc4 b6 8. b3
Bb7 9. Bb2 Nbd7 10. Rc1 Ne4 11. Nd5 e6 12. Nf4 Ndf6 13. Ne5 Nd5 14. Bxd5 exd5
15. Nc6 Qd6 16. Qc2 Rfe8 17. O-O a5 18. a3 Bh6 19. Nd3 Ba6 20. Rfe1 Qf6 21.
Nce5 Rac8 22. Ng4 Qg5 23. Nxh6+ Qxh6 24. b4 Bxd3 25. Qxd3 axb4 26. axb4 Nd6 27.
Ra1 Ra8 28. Ra6 Nc4 29. Rxa8 Rxa8 30. Ra1 Qf8 31. Rxa8 Qxa8 32. Qb3 b5 33. h3
Qa4 34. Qxa4 bxa4 35. Bc3 Nd6 36. Kf1 f5 37. Ke2 Kf7 38. Kd1 Ke6 39. Kc2 c6 40.
Kb1 Nb5 41. Be1 f4 42. Bd2 Kf5 43. f3 g5 44. Kc2 h5 45. Kd3 fxe3 46. Bxe3 g4
47. h4 Na3 48. Kc3 Nc4 49. Bc1 Nd6 50. Bd2 gxf3 51. gxf3 Ke6 52. Bg5 Nf5 53.
Bd8 Ng3 54. Kb2 Ne2 55. Bb6 Kf5 56. Ka3 Nc3 57. Bc7 Nb5+ 0-1

[Event "Pro-Am 2010"]
[Site "Villa Martelli ARG"]
[Date "2010.10.14"]
[Round "3.55"]
[White "Ligato, Guillermo Fernando"]
[Black "Romano, Florencia"]
[Result "1-0"]
[WhiteElo "1917"]
[BlackElo "1370"]
[PlyCount "53"]
[EventDate "2010.10.10"]
[EventType "swiss"]
[EventRounds "9"]
[EventCountry "ARG"]
[Source "lmi"]
[SourceDate "2010.10.10"]

1. e4 c5 2. Nf3 e6 3. d3 Nc6 4. g3 Be7 5. Bg2 b5 6. O-O Bb7 7. Re1 e5 8. Nc3 a6
9. a4 b4 10. Nd5 h6 11. c3 a5 12. d4 d6 13. dxc5 dxc5 14. Be3 Bd6 15. Qc2 Nf6
16. Nh4 Ne7 17. Nxf6+ gxf6 18. Rad1 Qb6 19. cxb4 axb4 20. Bf1 O-O-O 21. Qc4
Rdf8 22. a5 Qc7 23. a6 Ba8 24. Bh3+ Kb8 25. Qb5+ Ka7 26. Rxd6 Rc8 27. Rd7 1-0

[Event "Pro-Am 2010"]
[Site "Villa Martelli ARG"]
[Date "2010.10.15"]
[Round "4.1"]
[White "Flores, Diego"]
[Black "Orsini, Antonio"]
[Result "1-0"]
[WhiteElo "2615"]
[BlackElo "2390"]
[PlyCount "51"]
[EventDate "2010.10.10"]
[EventType "swiss"]
[EventRounds "9"]
[EventCountry "ARG"]
[Source "lmi"]
[SourceDate "2010.10.10"]

1. d4 Nf6 2. c4 g6 3. Nc3 Bg7 4. e4 d6 5. Nf3 O-O 6. Be2 Na6 7. O-O e5 8. Re1
Qe8 9. Bf1 Bg4 10. d5 Nb4 11. a3 Bxf3 12. gxf3 Na6 13. b4 Nh5 14. c5 dxc5 15.
Bxa6 bxa6 16. bxc5 f5 17. Rb1 Qe7 18. d6 cxd6 19. Nd5 Qh4 20. c6 Kh8 21. Rb7
fxe4 22. Rxe4 Qh3 23. c7 Qe6 24. Reb4 a5 25. Rb1 e4 26. Rb8 1-0

[Event "Pro-Am 2010"]
[Site "Villa Martelli ARG"]
[Date "2010.10.15"]
[Round "4.3"]
[White "Molina, Roberto Junio Brito"]
[Black "Dolezal, Cristian"]
[Result "1/2-1/2"]
[WhiteElo "2384"]
[BlackElo "2413"]
[PlyCount "134"]
[EventDate "2010.10.10"]
[EventType "swiss"]
[EventRounds "9"]
[EventCountry "ARG"]
[Source "lmi"]
[SourceDate "2010.10.10"]

1. d4 e6 2. c4 f5 3. g3 Nf6 4. Bg2 c6 5. Nf3 Be7 6. O-O O-O 7. b3 d5 8. Ba3 b6
9. Qc1 Bb7 10. Bxe7 Qxe7 11. Qa3 Re8 12. Qxe7 Rxe7 13. Nbd2 Nbd7 14. Rfc1 Ne4
15. Rc2 c5 16. e3 a5 17. Rac1 Rae8 18. cxd5 Bxd5 19. Nc4 Bxc4 20. Rxc4 e5 21.
dxe5 Nxe5 22. Nxe5 Rxe5 23. Rd1 Kf7 24. Rcc1 Ke7 25. f3 Nf6 26. Kf2 Kf8 27. Rd3
Nd5 28. Re1 Nb4 29. Rd2 Nd5 30. e4 fxe4 31. Rxe4 Rxe4 32. fxe4 Nf6 33. Ke3 Re6
34. Kf4 Nh5+ 35. Kf3 Nf6 36. Re2 Nd7 37. Bh3 Rf6+ 38. Ke3 Ne5 39. Rd2 h5 40.
Rd5 Ng4+ 41. Bxg4 hxg4 42. Rg5 Rf3+ 43. Ke2 a4 44. bxa4 Ra3 45. Rg6 Rxa4 46.
Rxb6 Rxa2+ 47. Ke3 Rxh2 48. Rc6 Rc2 49. Kf4 c4 50. Kxg4 c3 51. Kf5 Rf2+ 52. Ke5
c2 53. g4 g5 54. Ke6 Kg7 55. e5 Kf8 56. Rc3 Kg7 57. Ke7 Rf7+ 58. Kd6 Rf2 59.
Rc8 Re2 60. Rc3 Rf2 61. Rc7+ Kg6 62. Ke6 Rg2 63. Ke7 Rxg4 64. Rxc2 Re4 65. e6
g4 66. Rg2 Kf5 67. Kf7 g3 1/2-1/2

[Event "Pro-Am 2010"]
[Site "Villa Martelli ARG"]
[Date "2010.10.15"]
[Round "4.4"]
[White "Della Morte, German"]
[Black "Tristan, Leonardo"]
[Result "1/2-1/2"]
[WhiteElo "2361"]
[BlackElo "2401"]
[PlyCount "178"]
[EventDate "2010.10.10"]
[EventType "swiss"]
[EventRounds "9"]
[EventCountry "ARG"]
[Source "lmi"]
[SourceDate "2010.10.10"]

1. e4 d6 2. d4 Nf6 3. Nc3 g6 4. Be3 c6 5. Qd2 b5 6. Bd3 Nbd7 7. Nf3 Qc7 8. h3
Bb7 9. Ne2 a6 10. c3 e5 11. Ng3 c5 12. O-O h5 13. Bg5 Nh7 14. Bh6 Be7 15. a4 c4
16. Bc2 h4 17. Ne2 Rg8 18. Ng5 Nhf6 19. axb5 axb5 20. Rxa8+ Bxa8 21. Ra1 Bb7
22. Qe3 Nh5 23. Nf3 f6 24. Nh2 f5 25. Qf3 Nhf6 26. d5 fxe4 27. Bxe4 Nc5 28. Bc2
Bxd5 29. Qe3 Ne6 30. Qd2 Bb7 31. Be3 Kf7 32. f4 Nd5 33. fxe5 dxe5 34. Rf1+ Ke8
35. Bh6 g5 36. Ng4 Ndf4 37. Nxf4 Nxf4 38. Re1 Nxg2 39. Rxe5 Nf4 40. Qe3 Kd8 41.
Bf5 Qd6 42. Kf2 Nd3+ 43. Bxd3 cxd3 44. Ke1 d2+ 45. Kd1 Rg6 46. Bxg5 Bxg5 47.
Rxg5 Bf3+ 48. Qxf3 Rxg5 49. Qa8+ Ke7 50. Qa7+ Kf8 51. Qh7 Rd5 52. Qxh4 Qf4 53.
Qf2 Qxf2 54. Nxf2 Rf5 55. Ne4 Rf3 56. Kxd2 Rxh3 57. Kc2 Ke7 58. Kb3 Kd7 59. Nd2
Kc6 60. Nb1 Kc5 61. Na3 b4 62. Nc2 bxc3 63. bxc3 Rh8 64. Ne3 Re8 65. Nd1 Kd5
66. Kc2 Ke4 67. Nf2+ Kf3 68. Nd3 Rh8 69. Nb4 Ke4 70. Kb3 Rh1 71. Kc4 Ke3 72.
Nd5+ Kd2 73. Kc5 Kd3 74. c4 Rh5 75. Kb4 Kd4 76. Nc7 Rh6 77. Nb5+ Kd3 78. c5 Rc6
79. Na7 Ra6 80. Nb5 Ke4 81. Nc3+ Ke5 82. Kb5 Ra3 83. Na4 Rb3+ 84. Kc6 Rb4 85.
Nb6 Rh4 86. Nd7+ Ke6 87. Kc7 Rc4 88. c6 Rc1 89. Nb6 Rxc6+ 1/2-1/2

[Event "Pro-Am 2010"]
[Site "Villa Martelli ARG"]
[Date "2010.10.15"]
[Round "4.5"]
[White "Alonso, Salvador"]
[Black "Barrionuevo, Pablo"]
[Result "1-0"]
[WhiteElo "2482"]
[BlackElo "2365"]
[PlyCount "51"]
[EventDate "2010.10.10"]
[EventType "swiss"]
[EventRounds "9"]
[EventCountry "ARG"]
[Source "lmi"]
[SourceDate "2010.10.10"]

1. e4 d6 2. d4 Nf6 3. Nc3 c6 4. f4 Qa5 5. e5 Ne4 6. Bd3 d5 7. Bxe4 dxe4 8. Qe2
Na6 9. a3 g6 10. Bd2 Bf5 11. O-O-O O-O-O 12. Nxe4 Qa4 13. Nf3 Nc5 14. dxc5 Bxe4
15. Bb4 Rxd1+ 16. Rxd1 Bd5 17. b3 Qa6 18. c4 Bh6 19. Nd4 Bxc4 20. bxc4 Bxf4+
21. Kb2 Qa4 22. Nb3 Bxh2 23. g3 Bxg3 24. Qg4+ e6 25. Qxg3 a5 26. Bxa5 1-0

[Event "Pro-Am 2010"]
[Site "Villa Martelli ARG"]
[Date "2010.10.15"]
[Round "4.6"]
[White "Julia, Ernesto"]
[Black "Perez Rodriguez, Luis Manuel"]
[Result "1/2-1/2"]
[WhiteElo "2388"]
[BlackElo "2483"]
[PlyCount "74"]
[EventDate "2010.10.10"]
[EventType "swiss"]
[EventRounds "9"]
[EventCountry "ARG"]
[Source "lmi"]
[SourceDate "2010.10.10"]

1. g3 e5 2. Bg2 d5 3. Nf3 Nc6 4. d3 g6 5. O-O Bg7 6. e4 Nge7 7. Nbd2 O-O 8. c3
a5 9. a4 h6 10. Re1 Re8 11. Rb1 Be6 12. b4 dxe4 13. dxe4 axb4 14. cxb4 Nc8 15.
b5 Nd4 16. Bb2 Nb6 17. Ra1 Nxf3+ 18. Nxf3 Qxd1 19. Raxd1 Nc4 20. Ba1 Rxa4 21.
Bf1 f6 22. Rc1 Bf8 23. Kg2 b6 24. Rc2 Bc5 25. Bc3 Rd8 26. Bd2 Nxd2 27. Nxd2 Kf7
28. Rec1 Ke7 29. Nc4 Rd4 30. Ne3 Ra2 31. Rxa2 Bxa2 32. Kf3 Rd2 33. g4 Be6 34.
h4 Kd8 35. Ra1 Rb2 36. Ra8+ Kd7 37. Rh8 Rb1 1/2-1/2

[Event "Pro-Am 2010"]
[Site "Villa Martelli ARG"]
[Date "2010.10.15"]
[Round "4.7"]
[White "Quiroga, Facundo"]
[Black "Dos Santos, Ramiro"]
[Result "0-1"]
[WhiteElo "2357"]
[BlackElo "2438"]
[PlyCount "110"]
[EventDate "2010.10.10"]
[EventType "swiss"]
[EventRounds "9"]
[EventCountry "ARG"]
[Source "lmi"]
[SourceDate "2010.10.10"]

1. Nf3 Nf6 2. g3 g6 3. Bg2 Bg7 4. O-O O-O 5. c4 d5 6. cxd5 Nxd5 7. Nc3 Nc6 8.
h3 Re8 9. Nxd5 Qxd5 10. d3 h6 11. Ng5 Qd8 12. Ne4 e5 13. Nc5 Rb8 14. Rb1 Nd4
15. b4 b6 16. Nb3 Be6 17. Nxd4 exd4 18. Bf4 g5 19. Bd2 Bd5 20. Bf3 Bxa2 21. Ra1
Be6 22. Bg2 Qd7 23. Kh2 c5 24. bxc5 bxc5 25. Ra5 c4 26. dxc4 Bxc4 27. Re1 a6
28. Bf3 Bb5 29. Qc2 Rbc8 30. Qb1 Rc5 31. Bg4 Qc7 32. Bf5 Rce5 33. Bh7+ Kh8 34.
Bd3 Bxd3 35. exd3 Re2 36. Rxe2 Rxe2 37. Be1 Rxf2+ 38. Bxf2 Qxa5 39. Qb7 Qf5 40.
Kg1 a5 41. Qa6 Kh7 42. Qc4 Qe6 43. Qb5 Qxh3 44. Qxa5 Qg4 45. Qb5 h5 46. Kh2 h4
47. gxh4 gxh4 48. Qe5 h3 49. Bg3 f5 50. Qe7 Qe2+ 51. Kxh3 Qxd3 52. Qd6 Qf3 53.
Kh2 d3 54. Bf4 Qh5+ 55. Kg1 Qg6+ 0-1